00386nam a22001457a 4500003000400000005001700004008004100021020001800062082001900080100001900099245003700118260003400155300001700189653003400206OSt20230821145624.0230821b |||||||| |||| 00| 0 eng d a9780857426437 a791.4372bR21A aRay, Satyajit  aThe Apu Trilogycby Satyajit Ray aCalcuttabSeagull Booksc2015 axxii; 248 p. aSatyajit Ray; Pather Panchali